000 00371nam a22001457a 4500
003 OSt
005 20250117143858.0
008 250117b |||||||| |||| 00| 0 eng d
040 _cIIMT COLLEGE OF ENGINEERING ,GREATER NOIDA
100 _aVIVEKANAND,SWAMI
245 _aTHE BOOK OF YOGA
260 _aNEW DELHI
_bJAICO PUB HOUSE
_c2024
300 _a481
942 _2ddc
_c06
999 _c65016
_d65016